Discurso pronunciado por Carlos García Faria en el Congreso Económico Nacional celebrado en Barcelona en 1888 (Record no. 68383)

MARC details
000 -LEADER
campo de control de longitud fija 00856nam a22002055i 4500
001 - NÚMERO DE CONTROL
campo de control 68383
003 - IDENTIFICADOR DE NÚMERO DE CONTROL
campo de control ES-MaACL
005 - FECHA Y HORA DE LA ÚLTIMA TRANSACCIÓN
campo de control 20250826043914.0
007 - CAMPO FIJO DE DESCRIPCIÓN FÍSICA--INFORMACIÓN GENERAL
campo de control de longitud fija t|
008 - DATOS DE LONGITUD FIJA--INFORMACIÓN GENERAL
campo de control de longitud fija 960801s1889 sp ||||1| spa d
040 ## - FUENTE DE CATALOGACIÓN
Centro catalogador/agencia de origen CAM
Lengua de catalogación spa
Centro/agencia transcriptor CAM
100 1# - ENTRADA PRINCIPAL--NOMBRE DE PERSONA
Nombre de persona García Faría, Carlos.
9 (RLIN) 54585
245 10 - MENCIÓN DEL TÍTULO
Título Discurso pronunciado por Carlos García Faria en el Congreso Económico Nacional celebrado en Barcelona en 1888
Resto del título : defendiendo el voto particular presentado por el mismo al dictamén de la ponencia relativo al tema primero de la sección quinta "Impuestos"8.
260 ## - PUBLICACIÓN, DISTRIBUCIÓN, ETC.
Lugar de publicación, distribución, etc. Madrid :
Nombre del editor, distribuidor, etc. [s.n.],
Fecha de publicación, distribución, etc. 1889 (
Fabricante Imprenta de los hijos de J. A. García)
300 ## - DESCRIPCIÓN FÍSICA
Extensión 34 p. ;
Dimensiones 25 cm.
650 #4 - PUNTO DE ACCESO ADICIONAL DE MATERIA--TÉRMINO DE MATERIA
Término de materia o nombre geográfico como elemento de entrada Impuestos-
Subdivisión geográfica España
9 (RLIN) 13634
711 2# - ENTRADA AGREGADA--NOMBRE DE REUNIÓN
Nombre de congreso/reunión o jurisdicción como elemento de entrada Congreso Económico Nacional (
Fecha del congreso o de la firma del tratado 1888.
Sede del congreso/Lugar de la reunión Barcelona)
9 (RLIN) 347
852 ## - LOCALIZACIÓN
Ubicación ES-MaACL
Número de control de estantería T-540-F-7
Holdings
Estatus retirado Estado de pérdida Estado de daño No para préstamo Colección Biblioteca de origen Biblioteca actual Ubicación en estantería Fecha de adquisición Fuente de adquisición Total de préstamos Signatura topográfica completa Código de barras Visto por última vez Precio de reemplazo Tipo de ítem Koha
        Colección de folletos Biblioteca del Ateneo de Madrid Biblioteca del Ateneo de Madrid Depósito folletos 17/01/2008     T-540-F-7 1071584 23/02/2023 23/02/2023 Folleto